US Cities That End In B - Statistics

General Stats
  • This quiz has been taken 98 times
  • The average score is 2 of 5
Answer Stats
Population City % Correct
19,288 Macomb, IL
55%
5,046 Moab, UT
53%
8,050 Arab, AL
47%
12,790 McComb, MS
34%
43,862 DeKalb, IL
33%
No matching quizzes found
Score Distribution
Percent of People with Each Score
Percentile by Number Answered
Your Score History
You have not taken this quiz